000 00839nam a2200229 4500
001 121370
003 ES-MaACL
005 20230906191737.0
007 t|
008 070214s1985 sp r ||||1| spa d
020 _a84-309-1200-2
100 1 _aPopper, Karl Raimund.
_993108
245 1 0 _aTeoría cuántica y el cisma en física /
_cKarl R. Popper ; edición preparada por W. W. Bartley III ; traducción de Marta Sansigre Vidal.
260 _aMadrid :
_bTecnos,
_c1985.
300 _a239 p. ;
_c22 cm.
490 1 _aPost scriptum a la lógica de la investigación científica ;
_v3
700 1 _aBartley III, W. W.
_926144
700 1 _aSansigre Vidal, Marta.
_9103218
830 0 _aPost scriptum a la lógica de la investigación científica ;
_v3
_9186503
852 _aES-MaACL
_jL-9845
_bR.111988
999 _c121370
_d121370